000 00297nam a22001337a 4500
008 171023b xxu||||| |||| 00| 0 eng d
020 _a9780201532890
041 _aeng
080 _a338
100 _a54
101 _aMO
245 _aCASES IN OPERTIONS MANAGEMENT
_cHEYL, J.E
942 _2udc
_cBK
999 _c35462
_d35462